| 000 | 00386cam a22001217a 4500 | ||
|---|---|---|---|
| 008 | 180718b1969 xxu||||| |||| 00| 0 eng d | ||
| 100 | _aMamford, Luies | ||
| 245 |
_aSaheron kee Sanskriti _cby Luies Mamford translated by Padmasingh Sharma 'Kamlesh' |
||
| 260 |
_aKuruchetra _bKuruchetra Vishvavidhayalya _c1969 |
||
| 300 | _a503p. | ||
| 650 | _aCity-culture | ||
| 700 | _aSharma, Padmasingh | ||
| 999 |
_c439517 _d439517 |
||